Sticks and stones: a template for success (Record no. 65730)
[ view plain ]
| 000 -LEADER | |
|---|---|
| fixed length control field | 00810cam a2200205 4500 |
| 001 - CONTROL NUMBER | |
| control field | ABS63333 |
| 008 - FIXED-LENGTH DATA ELEMENTS--GENERAL INFORMATION | |
| fixed length control field | 000000n2000 000 0 eng u |
| 035 ## - SYSTEM CONTROL NUMBER | |
| System control number | (Sirsi) u110225 |
| 245 ## - TITLE STATEMENT | |
| Title | Sticks and stones: a template for success |
| 260 ## - PUBLICATION, DISTRIBUTION, ETC. | |
| Date of publication, distribution, etc. | 2000 |
| 490 ## - SERIES STATEMENT | |
| Series statement | Forestry and British Timber |
| Volume/sequential designation | 29(1) January 2001, 12-14(4) |
| 520 ## - SUMMARY, ETC. | |
| Summary, etc. | The Forestry Commission and RMC Aggregates have developed a technique based on the principle of sympathetic restoration whereby small areas of land can be quarried and restored to forestry immediately after extraction has taken place. Quotes the Warren Heath and Bramshill sites as examples. |
| 590 ## - LOCAL NOTE (RLIN) | |
| Local note | ABS |
| 650 ## - SUBJECT ADDED ENTRY--TOPICAL TERM | |
| Topical term or geographic name entry element | LAND RECLAMATION |
| 650 ## - SUBJECT ADDED ENTRY--TOPICAL TERM | |
| Topical term or geographic name entry element | QUARRYING |
| 650 ## - SUBJECT ADDED ENTRY--TOPICAL TERM | |
| Topical term or geographic name entry element | RESTORATION |
| 650 ## - SUBJECT ADDED ENTRY--TOPICAL TERM | |
| Topical term or geographic name entry element | FORESTRY |
| 690 ## - LOCAL SUBJECT ADDED ENTRY--TOPICAL TERM (OCLC, RLIN) | |
| Topical term or geographic name as entry element | MINING AND MINERALS |
| 942 ## - ADDED ENTRY ELEMENTS (KOHA) | |
| Suppress in OPAC | 0 |
| Withdrawn status | Lost status | Source of classification or shelving scheme | Damaged status | Not for loan | Home library | Current library | Shelving location | Date acquired | Total Checkouts | Full call number | Barcode | Date last seen | Copy number | Price effective from | Koha item type |
|---|---|---|---|---|---|---|---|---|---|---|---|---|---|---|---|
| Dewey Decimal Classification | London | London | Journal article | 08/01/2001 | ABS63333 | 110225-1001 | 06/08/2019 | 1 | 06/08/2019 | Journal article |